Statistics for Secondary Airports

Click here to take the quiz!

General Stats

  • This quiz has been taken 61 times
  • The average score is 14 of 20

Answer Stats

IATA CodeNameCity% Correct
LGWGatwickLondon
98%
LGALaGuardiaNew York
98%
NRTNarita InternationalTokyo
92%
ORYOrlyParis
92%
MDWMidway InternationalChicago
84%
DCARonald Reagan NationalWashington, DC
84%
SHAHongqiao InternationalShanghai
84%
DALLove FieldDallas
82%
HOUWilliam P. HobbyHouston
80%
SVOSheremetyevo InternationalMoscow
78%
SAWSabiha Gökçen InternationalIstanbul
72%
YTZBilly BishopToronto
68%
CIACiampino–G. B. Pastine InternationalRome
66%
GMPGimpo InternationalSeoul
62%
NAYNanyuanBeijing
60%
DMKDon Mueang InternationalBangkok
60%
SFBSanford InternationalOrlando
48%
TSASongshanTaipei
46%
TLCToluca InternationalMexico City
44%
SDUSantos DumontRio de Janeiro
40%

Score Distribution

Percentile by Number Answered

Percent of People with Each Score

Your Score History

You have not taken this quiz